MARC

LEADER 00000nam0a2200000 4500
001 50917
005 20231031033914.0
035 |a (RuTPU)RU\TPU\book\53305 
035 |a RU\TPU\book\53281 
090 |a 50917 
100 |a 20030422d1963 m y0rusy50 ca 
101 0 |a rus 
102 |a UA 
105 |a a j 001zy 
200 1 |a Общая теплотехника  |e учебник для вузов  |f И. Т. Швец, В. И. Толубинский, Н. Ф. Кираковский и др. 
210 |a Киев  |c Изд-во Киевского ун-та  |d 1963 
215 |a 563 с.  |c ил., черт. 
320 |a Библиогр. в конце глав 
610 1 |a теплотехника 
610 1 |a учебники 
610 1 |a термодинамика 
610 1 |a водяной пар 
610 1 |a истечение 
610 1 |a дросселирование 
610 1 |a циклы 
610 1 |a теплопроводность 
610 1 |a тепловое излучение 
610 1 |a теплообменные аппараты 
610 1 |a котельные установки 
610 1 |a топливо 
610 1 |a топки 
610 1 |a пароперегреватели 
610 1 |a поршневые машины 
610 1 |a двигатели внутреннего сгорания 
610 1 |a паровые турбины 
610 1 |a газовые турбины 
610 1 |a тепловые электрические станции 
610 1 |a атомные электрические станции 
675 |a 621.1.016(075.8)  |v 3 
701 1 |a Швец  |b И. Т.  |g Иван Трофимович 
701 1 |a Толубинский  |b В. И.  |g Всеволод Иванович 
701 1 |a Кираковский  |b Н. Ф.  |g Николай Феликсович 
701 1 |a Недужий  |b И. А.  |g Иван Афанасьевич 
701 1 |a Шелудько  |b И. М.  |g Иван Михайлович 
801 1 |a RU  |b 63413507  |c 20030422  |g PSBO 
801 2 |a RU  |b 63413507  |c 20191226  |g PSBO 
942 |c BK